FIS Alpine Ski World Cup Women Overall winners - Statistics

General Stats
  • This quiz has been taken 312 times
    110 since last reset
  • The average score is 11 of 31
Answer Stats
Year Answer % Correct
2017, 2018, 2019, 2022, 2023, 2026 Mikaela Shiffrin
93%
2016, 2024 Lara Gut-Behrami
89%
2008, 2009, 2010, 2012 Lindsey Vonn
89%
2020, 2025 Federica Brignone
80%
2021 Petra Vlhová
80%
2001, 2003, 2006 Janica Kostelic
72%
2013 Tina Maze
70%
2014, 2015 Anna Fenninger
55%
2004, 2005 Anja Pärson
54%
2011 Maria Höfl-Riesch
51%
1971, 1972, 1973, 1974, 1975,1979 Annemarie Moser-Pröll
42%
1989, 1994, 1995 Vreni Schneider
39%
2000 Renate Götschl
35%
1978, 1980 Hanni Wenzel
32%
1997 Pernilla Wiberg
27%
1996, 1998 Katja Seizinger
24%
2002 Michaela Dorfmeister
23%
2007 Nicole Hosp
23%
1990, 1991, 1992 Petra Kronberger
19%
1999 Alexandra Meissnitzer
18%
1986, 1987 Maria Walliser
16%
1985, 1988 Michela Figini
16%
1976 Rosi Mittermaier
16%
1993 Anita Wachter
14%
1982, 1984 Erika Hess
11%
1981 Marie-Thérèse Nadig
9%
1967, 1968 Nancy Greene
9%
1983 Tamara McKinney
9%
1969 Gertrude Gabl
7%
1977 Lise-Marie Morerod
4%
1970 Michèle Jacot
4%
No matching quizzes found
Score Distribution
Percent of People with Each Score
Percentile by Number Answered
Your Score History
You have not taken this quiz since the last reset